|
|
|
|
| LEADER |
00000nam0a2200000 4500 |
| 001 |
372574 |
| 005 |
20231102012505.0 |
| 010 |
|
|
|a 5274000452
|
| 020 |
|
|
|a RU
|b 88-88332
|
| 035 |
|
|
|a (RuTPU)RU\TPU\retro\29998
|
| 035 |
|
|
|a RU\TPU\book\269432
|
| 090 |
|
|
|a 372574
|
| 100 |
|
|
|a 20221215d1988 km y0rusy5003 ca
|
| 101 |
0 |
|
|a rus
|
| 102 |
|
|
|a RU
|
| 105 |
|
|
|a a g 001zy
|
| 200 |
1 |
|
|a Монтаж систем внешнего водоснабжения и канализации
|f под ред. А. К. Перешивкина
|
| 205 |
|
|
|a 4-е изд., перераб. и доп.
|
| 210 |
|
|
|a Москва
|c Стройиздат
|d 1988
|
| 215 |
|
|
|a 653 с.
|c ил.
|
| 225 |
1 |
|
|a Справочник строителя
|
| 320 |
|
|
|a Библиогр.: с. 647.
|
| 606 |
1 |
|
|a Водоснабжение
|2 stltpush
|3 (RuTPU)RU\TPU\subj\69529
|9 84347
|
| 610 |
0 |
|
|a водопроводные сети
|
| 610 |
0 |
|
|a канализационные сети
|
| 610 |
0 |
|
|a монтаж
|
| 610 |
1 |
|
|a канализация
|
| 610 |
1 |
|
|a справочники
|
| 675 |
|
|
|a 628.1(035)
|z rus
|v 4
|
| 702 |
|
1 |
|a Перешивкин
|b А. К.
|g Анатолий Константинович
|4 340
|
| 801 |
|
0 |
|a RU
|b RuMRKP
|c 19950417
|g psbo
|
| 801 |
|
1 |
|a RU
|b 63413507
|c 20140115
|
| 801 |
|
2 |
|a RU
|b 63413507
|c 20221215
|g RCR
|
| 942 |
|
|
|c BK
|